1816 1085 1556 1601 1213 1480 1583 1136 1660 1615 1051 1444 1929 1640 1294 1691 1046 1834 1128 1504 1445 1767 1357 1430 1245 1732 1834 1512 1364 1304 1065 1768 1772 1715 1036 1242 1203 1510 1912 1578 1984 1453 1485 1579 1116 1506 1879 1293 1876 1551 1227 1394 1803 1991 1843 1872 1878 1644 1290 1210 1106 1589 1991 1636 1891 1779 1981 1548 1076 1498 1107 1745 1695 1346 1612 1392 1273 1704 1863 1130 1527 1871 1082 1290 1959 1077 1156 1050 1211 1836 1954 1542 1208 1491 1586 1824 1531 1619 1114 BCNSPRNW ULIB Ver.6.0+V

เปลี่ยนเป็นภาษาไทย

Change to English
 แสดงรายละเอียดบรรณานุกรม
  กลับหน้าหลัก

Brief Record : Get Marc (ISO 2709) : E-mail record : QR code < ปิดหน้าต่าง
LEADER : 00000nam 2200000uu 4500
001    13399111556
003     ULIB
008    110701s||||||||th 000 0 tha d
020    9786165150620
050  4 BQ7190^bพ319ส 2553
100 1  พระไพศาล วิสาโล
245 10 สติ มรรคาแห่งสันติ /^cพระไพศาล วิสาโล
260    กรุงเทพฯ :^bเนชั่นบุ๊คส์,^c2553
300    152 หน้า
650  7 สติ
650  7 สันติ
650  7 ธรรมะกับชีวิต
945    ^p125^l0^i027994
995    ทศพร
999 ^a ใช้งานได้ทุกระบบ
รายการนี้ยังไม่มีแท็ก
คุณยังไม่ได้ล็อกอิน คุณสามารถมีกิจกรรมร่วมกับเว็บไซต์ได้ แต่ต้องล็อกอินก่อน ::
  ล็อกอิน

รายการสื่อสารสนเทศ

ลำดับที่ ประเภท เลขเรียก/บาร์โค้ด สถานที่ สถานะ
- ไม่พบข้อมูล -

รายการใกล้เคียง
    ผู้แต่ง [พระไพศาล วิสาโล]

    หัวเรื่อง [สติ]
    หัวเรื่อง [สันติ]
    หัวเรื่อง [ธรรมะกับชีวิต]

BibComment


ยังไม่เคยถูกคอมเมนท์

คอมเมนท์ทรัพยากรรายการนี้
  คอมเมนท์: สติ มรรคาแห่งสันต..


 Copyright 2026. Bcnsprnw @Library